LEADER 01359nam 2200349 n 450 001 996383648603316 005 20200824120518.0 035 $a(CKB)1000000000599049 035 $a(EEBO)2240953690 035 $a(UnM)99866412e 035 $a(UnM)99866412 035 $a(EXLCZ)991000000000599049 100 $a19940404d1656 uy | 101 0 $alat 135 $aurbn||||a|bb| 200 10$aTherapeutica sacra, seu, De curandis casibus conscientiæ circa regenerationem, per f?derum divinorum prudentem applicationem$hLibri tres$b[electronic resource] /$fAuthore Davide Dicsono SS. Theologiæ Professore in Academia Edinburgena 210 $aLondini, $cImpensis Societatis Stationariorum$d1656 215 $a[8], 369, [3] p 300 $aAnnotation on Thomason copy: "7ber [i.e. September] 15". 300 $aReproduction of the original in the British Library. 330 $aeebo-0018 606 $aRegeneration (Theology)$vEarly works to 1800 615 0$aRegeneration (Theology) 700 $aDickson$b David$f1583?-1663.$01001956 801 0$bCu-RivES 801 1$bCu-RivES 801 2$bCStRLIN 801 2$bWaOLN 906 $aBOOK 912 $a996383648603316 996 $aTherapeutica sacra, seu, De curandis casibus conscientiæ circa regenerationem, per f?derum divinorum prudentem applicationem$92382153 997 $aUNISA LEADER 01920nam 2200505I 450 001 9910707157803321 005 20160610083432.0 035 $a(CKB)5470000002461919 035 $a(OCoLC)948197201 035 $a(EXLCZ)995470000002461919 100 $a20160428j199801 ua 0 101 0 $aeng 135 $aurbn||||||||| 181 $ctxt$2rdacontent 182 $cc$2rdamedia 183 $acr$2rdacarrier 200 10$aMultimodal perception and multicriterion control of nested systems$hI$iCoordination of postural control and vehicular control /$fGary E. Riccio and P. Vernon McDonald 210 1$aHouston, Texas :$cNational Aeronautics and Space Administration, Lyndon B. Johnson Space Center,$dJanuary 1998. 215 $a1 online resource (v, 66 pages) $cillustrations 225 1 $aNASA/TP ;$v3703 300 $aTitle from title screen (viewed April 28, 2016). 300 $a"January 1998." 300 $a"Performing organization: Lyndon B. Johnson Space Center, Houston, Texas"--Report documentation page. 320 $aIncludes bibliographical references (pages 44-66). 517 3 $aCoordination of postural control and vehicular control 606 $aEcosystems$2nasat 606 $aAircraft control$2nasat 606 $aSystems engineering$2nasat 606 $aPosture$2nasat 606 $aCoordination$2nasat 615 7$aEcosystems. 615 7$aAircraft control. 615 7$aSystems engineering. 615 7$aPosture. 615 7$aCoordination. 700 $aRiccio$b Gary Edward$f1954-$01398069 702 $aMcDonald$b P. Vernon$f1961- 712 02$aLyndon B. Johnson Space Center, 712 02$aUnited States.$bNational Aeronautics and Space Administration, 801 0$bGPO 801 1$bGPO 906 $aBOOK 912 $a9910707157803321 996 $aMultimodal perception and multicriterion control of nested systems$93460668 997 $aUNINA LEADER 02034nas 2200613- 450 001 9910141861603321 005 20211024213021.0 011 $a2052-4439 035 $a(OCoLC)868950283 035 $a(CKB)2670000000416036 035 $a(CONSER)--2014261004 035 $a(DE-599)ZDB2736454-9 035 $a(MiAaPQ)2040972 035 $a(EXLCZ)992670000000416036 100 $a20140124a20139999 --- - 101 0 $aeng 135 $aur||||||||||| 181 $ctxt$2rdacontent 182 $cc$2rdamedia 183 $acr$2rdacarrier 200 00$aBMJ open respiratory research 210 1$aLondon :$cBMJ Publishing Group Ltd & British Thoracic Society,$d[2013]- 215 $a1 online resource 300 $aRefereed/Peer-reviewed 517 1 $aOpen respiratory research 517 1 $aBMJ open resp res 531 $aBMJ OPEN RESPIR RES 606 $aRespiratory therapy$vPeriodicals 606 $aRespiratory organs$xDiseases$vPeriodicals 606 $aRespiratory organs$xDiseases$xTreatment$vPeriodicals 606 $aRespiratory organs$xDiseases$2fast$3(OCoLC)fst01095766 606 $aRespiratory organs$xDiseases$xTreatment$2fast$3(OCoLC)fst01095790 606 $aRespiratory therapy$2fast$3(OCoLC)fst01095819 606 $aRespiratory Tract Diseases 606 $aRespiratory Therapy 608 $aPeriodicals.$2fast 608 $aFulltext. 608 $aInternet Resources. 608 $aPeriodicals. 608 $aPeriodical. 615 0$aRespiratory therapy 615 0$aRespiratory organs$xDiseases 615 0$aRespiratory organs$xDiseases$xTreatment 615 7$aRespiratory organs$xDiseases. 615 7$aRespiratory organs$xDiseases$xTreatment. 615 7$aRespiratory therapy. 615 12$aRespiratory Tract Diseases. 615 12$aRespiratory Therapy. 712 02$aBritish Thoracic Society, 712 02$aBMJ Publishing Group, 906 $aJOURNAL 912 $a9910141861603321 996 $aBMJ open respiratory research$92327843 997 $aUNINA LEADER 03482nam 22006732 450 001 9910970783803321 005 20151005020624.0 010 $a1-139-36617-3 010 $a1-107-23050-0 010 $a1-280-64762-0 010 $a9786613633675 010 $a1-139-37873-2 010 $a1-139-06132-1 010 $a1-139-37587-3 010 $a1-139-37730-2 010 $a1-139-37188-6 010 $a1-139-38016-8 035 $a(CKB)2550000000103349 035 $a(EBL)880749 035 $a(OCoLC)794327749 035 $a(SSID)ssj0000654412 035 $a(PQKBManifestationID)11401712 035 $a(PQKBTitleCode)TC0000654412 035 $a(PQKBWorkID)10660649 035 $a(PQKB)11196830 035 $a(UkCbUP)CR9781139061322 035 $a(MiAaPQ)EBC880749 035 $a(Au-PeEL)EBL880749 035 $a(CaPaEBR)ebr10565096 035 $a(CaONFJC)MIL363367 035 $a(EXLCZ)992550000000103349 100 $a20110414d2012|||| uy| 0 101 0 $aeng 135 $aur||||||||||| 181 $ctxt$2rdacontent 182 $cc$2rdamedia 183 $acr$2rdacarrier 200 14$aThe art of biography in Antiquity /$fTomas Ha?gg 205 $a1st ed. 210 1$aCambridge :$cCambridge University Press,$d2012. 215 $a1 online resource (xv, 496 pages) $cdigital, PDF file(s) 300 $aTitle from publisher's bibliographic system (viewed on 05 Oct 2015). 311 08$a1-107-01669-X 320 $aIncludes bibliographical references and index. 327 $aProlegomena on biography modern and ancient -- 1. In the beginning was Xenophon: memoir, encomium, romance -- 2. Hellenistic theory and practice: fragments of industry -- 3. Popular heroes: the slave, the king, the poet -- 4. The Gospels: from sayings to a full life -- 5. Political biography at Rome: a new start -- 6. Plutarch and his Parallel Lives: ethical biography -- 7. Ways of life: philosophers and holy men -- Epilogue on ancient and Christian biography. 330 $aGreek and Roman biography embraces much more than Plutarch, Suetonius and their lost Hellenistic antecedents. In this book Professor Ha?gg explores the whole range and diversity of ancient biography, from its Socratic beginnings to the Christian acquisition of the form in late antiquity. He shows how creative writers developed the lives of popular heroes like Homer, Aesop and Alexander and how the Christian gospels grew from bare sayings to full lives. In imperial Rome biography flourished in the works of Greek writers: Lucian's satire, Philostratus' full sophistic orchestration, Porphyry's intellectual portrait of Plotinus. Perhaps surprisingly, it is not political biography or the lives of poets that provide the main artery of ancient biography, but various kinds of philosophical, spiritual and ethical lives. Applying a consistent biographical reading to a representative set of surviving texts, this book opens up the manifold but often neglected art of biography in classical antiquity. 606 $aClassical biography$xHistory and criticism 606 $aBiography as a literary form 615 0$aClassical biography$xHistory and criticism. 615 0$aBiography as a literary form. 676 $a880.9/35 686 $aHIS000000$2bisacsh 700 $aHa?gg$b Tomas$0398374 801 0$bUkCbUP 801 1$bUkCbUP 906 $aBOOK 912 $a9910970783803321 996 $aArt of biography in Antiquity$9264372 997 $aUNINA